Statistics for Cut Characters in Super Smash Bros.

Click here to take the quiz!

General Stats

  • This quiz has been taken 190 times
    (140 since last reset)
  • The average score is 8 of 10

Answer Stats

Cut fromCharacter% Correct
Brawl, WiiUMewtwo
92%
WiiUIce Climbers
90%
Brawl, WiiURoy
90%
Brawl, WiiUPichu
84%
Brawl, WiiUYoung Link
83%
WiiUSnake
81%
BrawlDr. Mario
80%
WiiUWolf
79%
WiiULucas
75%
WiiUPokémon Trainer
74%

Score Distribution

Percentile by Number Answered

Percent of People with Each Score

Your Score History

You have not taken this quiz since the last reset